00353nam a2200085Ia 4500008004100000082001500041100003700056245015900093260001500252230320s9999||||xx |||||||||||||| ||spa|| aTMG/2018/2 aFernández Álvarez, Katherine 0aConstrucción Y Propiedades Psicométricas De Un Instrumento Para Evaluar Enfoques De Enseñanza En Sesiones De Aprendizaje En Instituciones Educativas bLima, 2018